Statistics for Guess the country by description

Click here to take the quiz!

General Stats

  • This quiz has been taken 111 times
  • The average score is 4 of 15

Answer Stats

QuestionAnswer% Correct
This country is made out of islandsPhillipeans
46%
It has white in itJapan
45%
Is an islandMadagesgar
41%
This country is helping UkraineUSA
41%
This country has a short version of its name having the first letter of it's wordsUS
39%
this country has the UK flag on itNew Zealand
35%
It has red in itJapan
30%
In south AmericaColombia
29%
It has the French flagNetherlands
25%
This country is bad to go to have a holiday inRussia
13%
It has orange on it's flagNiger
11%
This country is in asiaRussia
10%
This country has red on it's flagUSA
8%
YellowChina
3%
This country has an empireIndia
3%

Score Distribution

Percentile by Number Answered

Percent of People with Each Score

Your Score History

You have not taken this quiz